The pearson guide to objective mathematics : (Record no. 188491)
[ view plain ]
| 000 -LEADER | |
|---|---|
| fixed length control field | 01629 a2200193 4500 |
| 003 - CONTROL NUMBER IDENTIFIER | |
| control field | NUST |
| 005 - DATE AND TIME OF LATEST TRANSACTION | |
| control field | 20221107124127.0 |
| 020 ## - INTERNATIONAL STANDARD BOOK NUMBER | |
| International Standard Book Number | 8131710696 |
| 040 ## - CATALOGING SOURCE | |
| Transcribing agency | Nust |
| 082 ## - DEWEY DECIMAL CLASSIFICATION NUMBER | |
| Classification number | 510.76,KHA |
| 100 ## - MAIN ENTRY--PERSONAL NAME | |
| Personal name | Khattar, Dinesh |
| 9 (RLIN) | 102356 |
| 245 ## - TITLE STATEMENT | |
| Title | The pearson guide to objective mathematics : |
| Remainder of title | for engineering entrance examinations / |
| Statement of responsibility, etc. | Dinesh Khattar |
| 250 ## - EDITION STATEMENT | |
| Edition statement | 2nd ed. |
| 260 ## - PUBLICATION, DISTRIBUTION, ETC. | |
| Place of publication, distribution, etc. | Perason Education |
| Name of publisher, distributor, etc. | Delhi |
| Date of publication, distribution, etc. | 2007 |
| 300 ## - PHYSICAL DESCRIPTION | |
| Extent | 1252 p |
| Other physical details | illus |
| Dimensions | 24 cm |
| 505 ## - FORMATTED CONTENTS NOTE | |
| Formatted contents note | Functions (Page-1), Limits (Page-45), Differentiation (Page-112), Applications of Derivations (Page-143), Indefinite Integration (Page-198), Definite Integral and Area (Page-240), Differential Equations (Page-322), Coordinate and Straight lines (Page-343), Pair of Straight Lines (Page-388),Circles (Page-406), Conic Sections (Page-461), Complex Numbers (Page-531), Sequences and Series (Page-582), Quadratic Equitation's and In equations (Page-637),Permutations and Combinations (Page-680), Binomial Theorem (Page-711), Exponential and Logarithmic series (Page-744), Matrices (Page-755), Determinants (Page-779), Trigonometric Ratios and Identities (Page-811), Trigonometric Equations (Page-847), Inverse Trigonometric Functions (Page-865), Properties and Solutions Triangles (Page-884),Heights and Distances (Page-909), Probability (Page-919), Statistics (Page-963), Vectors (Page-982), Tree Dimensional Geometry (Page-1030), Statics (Page-1056), Dynamics (Page-1091), Set Theory (Page-1118), Numerical Methods (Page-1133), Linear Programming (Page-1144),Hyperbolic Functions (Page-1151). |
| 600 ## - SUBJECT ADDED ENTRY--PERSONAL NAME | |
| Personal name | Dinesh Khattar |
| 9 (RLIN) | 10951 |
| 942 ## - ADDED ENTRY ELEMENTS (KOHA) | |
| Source of classification or shelving scheme | |
| Koha item type | Book |
| Call number prefix | 510.76,KHA |
| Withdrawn status | Lost status | Source of classification or shelving scheme | Damaged status | Not for loan | Permanent Location | Current Location | Shelving location | Date acquired | Full call number | Barcode | Date last seen | Price effective from | Koha item type | Public note |
|---|---|---|---|---|---|---|---|---|---|---|---|---|---|---|
| Military College of Signals (MCS) | Military College of Signals (MCS) | General Stacks | 12/12/2016 | 510.76,KHA | MCS34689 | 12/08/2016 | 12/12/2016 | Book | Almirah No.10, Shelf No.3 |
